Normale Ansicht MARC-Ansicht ISBD

Die Novemberrevolution 1918 in Deutschland : (Titelsatznr. 397)

[ MARC ]
MARC-Details
000 -Satzkennung
Kontrollfeld mit fester Länge 00405nam a22001571c 4500
001 - Kontrollnummer
Kontrollfeld a987658929
008 - Feld mit fester Länge zur physischen Beschreibung - Allgemeine Angaben
Kontrollfeld mit fester Länge 071023s1965 gw |||| 000u ger d
041 ## - Sprachcode
Sprachcode des Textes/der Tonspur oder des separaten Titels ger
040 ## - Katalogisierungsquelle
Übertragungsstelle RU-10907106
003 - Kontrollnummer Identifier
Kontrollfeld RU-10907106
100 1# - Haupteintragung - Personenname
Personenname Nimtz, Walter
245 04 - Titel
Titel Die Novemberrevolution 1918 in Deutschland :
Zusatz zum Titel Mit einem Dokumentenanhang
264 ## - Produktion, Veröffentlichung, Distribution, Herstellung und Urheberrechtsvermerk
Herstellungs-, Veröffentlichungs- Vertriebs-, Erzeugungsort Berlin :
Produzent, Herausgeber, Distributor, Hersteller Dietz Verl.,
Datum der Herstellung, der Veröffentlichung, des Vertriebs oder des Urheberschutzvermerks 1965
300 ## - Physische Beschreibung
Umfang 306 S.
942 ## - Zusätzliche Felder (Koha)
Koha-Medientyp Monographien
Exemplare
Ausgeschieden Verloren Klassifikation oder Aufstellungssystematik Beschädigt Nicht entleihbar Heimatbibliothek Aufenthaltsbibliothek Aufstellungsort Erwerbungsdatum Inventarnummer Signatur Barcode Letzte Aktivität Preis gültig von Koha-Medientyp
    Andere/Generische Klassifikation     MWN Osteuropa MWN Osteuropa Lesesaal - 1 23/10/2007 07-05231 D 45 ec Nim E00401506CBF4D8D 22/02/2021 22/03/2021 Monographien